[Event "Tatry Open 2012"]
[Site "Tatranske Zruby SVK"]
[Date "2012.09.27"]
[Round "6.58"]
[White "Kukucka,M"]
[Black "Dobrowolski,H"]
[Result "1-0"]
[WhiteElo "2008"]
[BlackElo "1815"]

1.d4 Nf6 2.c4 g6 3.Nc3 Bg7 4.Nf3 O-O 5.e4 d6 6.Be2 Nbd7 7.O-O e5 8.Re1 Re8
9.d5 b6 10.Qc2 Nf8 11.b4 a5 12.bxa5 Rxa5 13.a4 N6d7 14.Ba3 Nc5 15.Bb4 Ra8
16.Bxc5 bxc5 17.Reb1 f5 18.Bd3 f4 19.Rb2 g5 20.Rab1 Ba6 21.Nd2 g4 22.Nf1 h5
23.a5 Qg5 24.Qa4 Rec8 25.Qc6 Qd8 26.Na4 Ng6 27.Nxc5 dxc5 28.Qxg6 Qe8 29.Qxe8+ Rxe8
30.Nd2 Kh7 31.Bc2 Rf8 32.Ba4 Bc8 33.Nb3 h4 34.Bc6 Ra7 35.Nxc5 Rxa5 36.Ne6 Bxe6
37.dxe6 Bf6 38.Rb7 g3 39.Rxc7+ Kg6 40.e7 Bxe7 41.Rxe7 Ra2 42.Rf1 f3 43.gxf3 Rxf3
44.Be8+ Kh6 45.fxg3 Re3 46.Rf6+ Kg5 47.Rg6+ Kh5 48.Rh7+  1-0

[Event "TCh-SRB Prem 2012"]
[Site "Valjevo SRB"]
[Date "2012.09.27"]
[Round "11.5"]
[White "Milosevic,Dragan"]
[Black "Markovic,Miros1"]
[Result "0-1"]
[WhiteElo "1897"]
[BlackElo "2458"]

1.d4 Nf6 2.c4 g6 3.Nc3 Bg7 4.e4 d6 5.Nf3 O-O 6.Be2 e5 7.d5 a5 8.Bg5 h6 9.Be3 Ng4
10.Qd2 Na6 11.O-O f5 12.Qc1 Nxe3 13.fxe3 Nc5 14.Nd2 Bd7 15.b3 h5 16.Qc2 Bh6
17.Nd1 h4 18.Bf3 Qg5 19.Rf2 Rf7 20.exf5 gxf5 21.e4 Raf8 22.a3 h3 23.Kh1 fxe4
24.Nxe4 Nxe4 25.Qxe4 Bf5 26.Qe2 e4 27.Bh5 Rg7 28.g3 e3 29.Rf4 Qf6 30.Rxf5 Qxf5
31.Kg1 Rg5 32.g4 Qe5 33.Ra2 Rxh5 34.gxh5 Qg5+ 35.Kh1 Rf2 36.Qxf2 exf2 37.Rxf2 Qg4  0-1

[Event "Baku Open 2012"]
[Site "Baku AZE"]
[Date "2012.09.28"]
[Round "7.6"]
[White "Khenkin,I"]
[Black "Guseinov,G"]
[Result "1/2-1/2"]
[WhiteElo "2648"]
[BlackElo "2613"]

1.d4 Nf6 2.c4 g6 3.Nc3 Bg7 4.e4 d6 5.Nf3 O-O 6.Be2 Na6 7.O-O e5 8.Re1 c6
9.Be3 h6 10.dxe5 Ng4 11.Bf4 Qb6 12.Bg3 Nxe5 13.Qd2 Be6 14.b3 Nxf3+ 15.Bxf3 Qd4
16.Qxd4 Bxd4 17.Rac1 Be5 18.Red1  1/2-1/2

[Event "Tatry Open 2012"]
[Site "Tatranske Zruby SVK"]
[Date "2012.09.28"]
[Round "7.20"]
[White "Jedlicka,A"]
[Black "Kukucka,M"]
[Result "1/2-1/2"]
[WhiteElo "2224"]
[BlackElo "2008"]

1.d4 Nf6 2.c4 g6 3.Nc3 Bg7 4.e4 d6 5.Be2 O-O 6.Nf3 e5 7.O-O Na6 8.Re1 Bg4
9.Be3 exd4 10.Nxd4 Bxe2 11.Qxe2 Re8 12.f3 Nh5 13.Qf2 Nc5 14.Rad1 a5 15.Ndb5 b6
16.Nd5 Ne6 17.Ndxc7 Nxc7 18.Bxb6 Re7 19.c5 Nxb5 20.Bxd8 Rxd8 21.a4 Na7 22.Rxd6 Rb8
23.c6 Be5 24.Rd7 Nxc6 25.Rxe7 Bd4 26.Qxd4 Nxd4 27.Rd1 Nf4 28.Rd2 Rb4 29.Kf2 Rxa4
30.g3 Nfe6 31.Ra7 Kg7 32.f4 Nc6 33.Ra6 Ned4 34.f5 Rb4 35.f6+ Kxf6 36.Rxd4 Rxd4
37.Rxc6+ Ke5 38.Kf3 Rd3+ 39.Kg4 Rb3  1/2-1/2

[Event "30th Balaton IM"]
[Site "Heviz HUN"]
[Date "2012.09.29"]
[Round "7.5"]
[White "Roemer,U"]
[Black "Pirisi,G"]
[Result "1/2-1/2"]
[WhiteElo "2294"]
[BlackElo "2268"]

1.d4 Nf6 2.Nf3 g6 3.c4 Bg7 4.Nc3 O-O 5.e4 d6 6.Be2 Na6 7.O-O e5 8.Re1 exd4
9.Nxd4 Nc5 10.f3 a5 11.Be3 Re8 12.Qd2 c6 13.Rad1 Bd7 14.Nc2 Re6 15.Nd4 Re5
16.Nc2 Bf8 17.Bf4 Re6 18.Nd4 Re8 19.Nc2 Qb6 20.Kh1 Rad8 21.Be3 Bc8 22.Bd4 Nfd7
23.Bf1 Qc7 24.Qf2 Ne5 25.b3 Qe7 26.h3 Ned7 27.f4 Ne6 28.Nd5 cxd5 29.exd5 Ndc5
30.dxe6 fxe6 31.Ne3 Ne4 32.Qf3 Nf6 33.Bb6 Rd7 34.Bxa5 b5 35.Nd5 Nxd5 36.cxd5 Ra7
37.Bb6 Rxa2 38.Bxb5 Qb7 39.Bxe8 Qxb6 40.Rxe6 Bxe6 41.dxe6 Qc5 42.Bc6 Rf2
43.Qe4 Be7 44.b4 Qh5 45.Ra1 Qh4 46.Qd4 Rxf4 47.Ra8+ Bf8 48.Qxd6 Kg7 49.Rxf8 Rxf8
50.e7 Qe1+ 51.Kh2 Rf1 52.g4 Rf2+ 53.Bg2 Re2 54.Qd4+ Kf7 55.Qh8 Kxe7 56.Qxh7+ Kf6
57.Qh8+ Kg5 58.Qd8+ Re7 59.Qd5+ Kh4 60.Qd6 Re6 61.Qd8+ Re7 62.Qh8+ Kg5 63.Qd4 Qe5+
64.Qxe5+ Rxe5 65.Kg3 Re3+ 66.Bf3 Rb3 67.h4+ Kf6 68.Kf4 Rxb4+ 69.Be4 Ra4 70.g5+ Ke6
71.Kf3 Ke5 72.Bxg6 Rxh4 73.Kg3 Rb4 74.Bf7 Kf5 75.g6 Rg4+ 76.Kf3 Rg5 77.Ke3 Ke5
78.Kf3 Rg1 79.Be8 Kf5 80.Bf7 Kf6 81.Ke4 Rxg6 82.Bxg6 Ke6 83.Bf7+ Kd6 84.Ba2 Kc5
85.Ke5 Kb4 86.Kd4 Ka3 87.Kc3  1/2-1/2

[Event "Leicester H.E. Atkins Open 2012"]
[Site "Leicester ENG"]
[Date "2012.09.29"]
[Round "2"]
[White "Lewicki,Pawel"]
[Black "Hynes,A"]
[Result "0-1"]
[WhiteElo "1929"]
[BlackElo "2188"]

1.d4 Nf6 2.c4 g6 3.Nc3 Bg7 4.e4 d6 5.Be2 O-O 6.Nf3 e5 7.d5 a5 8.h3 Na6 9.Be3 Nc5
10.Bxc5 dxc5 11.Nxe5 Nxe4 12.Nxe4 Bxe5 13.Qd2 Bd4 14.Qh6 Qe7 15.Ng5 f6 16.Ne6 Bxe6
17.dxe6 Qxe6 18.Kf1 Qf5 19.Bf3 Rfe8 20.Bd5+ Kh8 21.Qd2 c6 22.g4 Qe5 23.f4 Qe3
24.Qxe3 Bxe3 25.Bf3 Bxf4 26.Kg2 Be5 27.Rae1 a4 28.a3 Red8 29.Re2 Rd4 30.Rb1 Rxc4
31.b3 axb3 32.Rxb3 Ra7 33.g5 Kg7 34.gxf6+ Bxf6 35.Re8 Rc2+ 36.Kg3 c4 37.Rb4 b5
38.Bxc6 Rxa3+ 39.Kf4 Rxh3 40.Rxb5 Rh4+ 41.Kf3 Rc3+ 42.Kg2 Rg4+ 43.Kf1 Rb3
44.Rc5 Rb2 45.Re4 Rxe4 46.Bxe4 c3 47.Bd3 Rf2+ 48.Ke1 Bh4 49.Rc4 Rf4+ 50.Kd1 Rxc4
51.Bxc4  0-1

[Event "Tatry Open 2012"]
[Site "Tatranske Zruby SVK"]
[Date "2012.09.29"]
[Round "8.41"]
[White "Kundrak,V"]
[Black "Dobrovolsky,L"]
[Result "0-1"]
[WhiteElo "1964"]
[BlackElo "2351"]

1.d4 Nf6 2.c4 d6 3.Nc3 Nbd7 4.e4 e5 5.Nf3 g6 6.Be2 Bg7 7.O-O O-O 8.Qc2 c6
9.Rd1 Re8 10.d5 Qc7 11.Ne1 a6 12.a4 a5 13.Be3 Nc5 14.Rdb1 Na6 15.Nd3 Nb4
16.Qd2 c5 17.f3 Nxd3 18.Bxd3 Nh5 19.g4 Nf4 20.Bxf4 exf4 21.Qxf4 Qe7 22.Qg3 g5
23.Ne2 Be5 24.Qg2 Qf6 25.Ng3 Bxg3  0-1

[Event "TCh-FIN SM 2012-13"]
[Site "Helsinki FIN"]
[Date "2012.09.30"]
[Round "2.7"]
[White "Partanen,J"]
[Black "Laakso,H"]
[Result "1/2-1/2"]
[WhiteElo "2229"]
[BlackElo "2181"]

1.d4 g6 2.c4 Bg7 3.Nc3 Nf6 4.e4 d6 5.Nf3 O-O 6.Be2 e5 7.d5 a5 8.O-O Na6 9.Bg5 h6
10.Bh4 g5 11.Bg3 Nh5 12.Nd2 Nf4 13.Rb1 f5 14.f3 Nxe2+ 15.Qxe2 f4 16.Bf2 Rf7
17.a3 Bf8 18.b4 axb4 19.axb4 Rg7 20.Kh1 h5 21.Ra1 Bd7 22.b5 Nc5 23.Rxa8 Qxa8
24.Bxc5 dxc5 25.Rb1 b6 26.Qd1 Bd6 27.Ne2 Qd8 28.Ng1 g4 29.Ra1 Qg5 30.Qf1 Kh7  1/2-1/2

[Event "30th Balaton IM"]
[Site "Heviz HUN"]
[Date "2012.09.30"]
[Round "8.4"]
[White "Csonka,B"]
[Black "Miturova,M"]
[Result "1/2-1/2"]
[WhiteElo "2287"]
[BlackElo "2150"]

1.d4 Nf6 2.c4 g6 3.Nc3 Bg7 4.e4 d6 5.Nf3 O-O 6.Be2 e5 7.O-O exd4 8.Nxd4 Re8
9.f3 Nc6 10.Be3 Nh5 11.Qd2 Nf4 12.Rfd1 Nxe2+ 13.Ncxe2 a6 14.Rac1 Qe7 15.Nc3 Be6
16.Nd5 Qd7 17.Ne2 Rf8 18.Nef4 b6 19.b4 a5 20.c5 bxc5 21.bxc5 Rfe8 22.cxd6 Qxd6
23.Qe2 Bxd5 24.Nxd5 Nd4 25.Bxd4 Bxd4+ 26.Rxd4 c6 27.Qd2 cxd5 28.Rxd5 Qb6+
29.Kh1 Reb8 30.h3 a4 31.Rd6 Qb5 32.a3 Qe5 33.Rd5 Qe7 34.Rdc5 Rb3 35.Qd4 Qd8
36.Rd5 Qf8 37.Rc7 Qxa3 38.Rdd7 Rf8 39.Qd5 Qa1+ 40.Kh2 Qf6 41.Qd6 Qxd6+ 42.Rxd6  1/2-1/2

[Event "Oslo GM Open 2012"]
[Site "Oslo NOR"]
[Date "2012.09.30"]
[Round "6.8"]
[White "Donchenko,Alexa"]
[Black "Kvisvik,B"]
[Result "1/2-1/2"]
[WhiteElo "2395"]
[BlackElo "2342"]

1.c4 g6 2.d4 Nf6 3.Nc3 Bg7 4.e4 d6 5.Nf3 O-O 6.Be2 e5 7.dxe5 dxe5 8.Qxd8 Rxd8
9.Bg5 Rf8 10.O-O-O Nc6 11.h3 Be6 12.Be3 Rad8 13.Rxd8 Rxd8 14.Rd1 Rxd1+ 15.Kxd1 Ne8
16.b3 h6 17.g4  1/2-1/2

[Event "Oslo GM Open 2012"]
[Site "Oslo NOR"]
[Date "2012.09.30"]
[Round "9.1"]
[White "Narciso Dublan,M"]
[Black "Djurhuus,R"]
[Result "1-0"]
[WhiteElo "2523"]
[BlackElo "2436"]

1.d4 Nf6 2.c4 g6 3.Nc3 Bg7 4.e4 d6 5.Be2 O-O 6.Nf3 e5 7.d5 Na6 8.Nd2 h5 9.a3 c5
10.Nf1 h4 11.Bg5 h3 12.g4 Qe8 13.Ng3 Nh7 14.Be3 Qe7 15.Qd2 Bf6 16.O-O Nc7
17.b4 b6 18.f3 Bg5 19.Bd3 Ne8 20.Kh1 Ng7 21.Rg1 Kh8 22.Rae1 Bd7 23.Nd1 Bxe3
24.Qxe3 Qh4 25.Nf2 Rg8 26.Rb1 Rab8 27.Rb2 Ng5 28.f4 exf4 29.Qxf4 f5 30.Qxd6 Rbd8
31.Qxg6 fxg4 32.bxc5 bxc5 33.e5 Nf3 34.Qf6 Qxf6 35.exf6 Nxg1 36.fxg7+ Kxg7
37.Kxg1 Rb8 38.Rxb8 Rxb8 39.Nfe4 Rb3 40.Nxc5 Rxa3 41.Nxd7 Rxd3 42.Nf5+ Kh8
43.d6 Rd1+ 44.Kf2 Rd2+ 45.Kg3 Rg2+ 46.Kh4 Rxh2 47.Nf6 Rd2 48.d7 h2 49.Ng3 Rxd7
50.Nxd7 Kg7 51.Kxg4 a5 52.Nc5 Kf6 53.Kf4  1-0

[Event "1st Simon Bolivar Open 2012"]
[Site "San Cristobal VEN"]
[Date "2012.09.30"]
[Round "10.6"]
[White "Dobrov,V"]
[Black "Flores,Di"]
[Result "1-0"]
[WhiteElo "2481"]
[BlackElo "2593"]

1.d4 Nf6 2.c4 g6 3.Nc3 Bg7 4.e4 d6 5.Be2 O-O 6.Nf3 e5 7.O-O exd4 8.Nxd4 Re8
9.f3 c6 10.Kh1 Nh5 11.g4 Nf6 12.Bf4 h5 13.g5 Nh7 14.Qd2 Nd7 15.Rad1 Qe7 16.Rg1 Ne5
17.Rg3 Bd7 18.Be3 Rad8 19.a4 a5 20.Nb3 Be6 21.Bb6 Nxc4 22.Bxc4 Bxc4 23.Nxa5 Be6
24.Bxd8 Rxd8 25.Ne2 d5 26.Nd4 Bxd4 27.Qxd4 c5 28.Qd2 d4 29.Rc1 Ra8 30.b3 Nf8
31.Nc4 Nd7 32.Qd3 b6 33.f4 Re8 34.Nd2 Qd6 35.Rf3 Rd8 36.Kg1 c4 37.Nxc4 Bxc4
38.Qxc4 Nc5 39.e5 Qd7 40.f5 gxf5 41.g6 d3 42.Rd1 d2 43.Rxd2  1-0

[Event "21st TCh-CRO 1a 2012"]
[Site "Sibenik CRO"]
[Date "2012.09.30"]
[Round "8.23"]
[White "Sertic,Ru"]
[Black "Kozul,Z"]
[Result "0-1"]
[WhiteElo "2397"]
[BlackElo "2616"]

1.Nf3 Nf6 2.c4 g6 3.Nc3 Bg7 4.e4 d6 5.d4 O-O 6.Be2 Na6 7.O-O e5 8.Re1 Qe8
9.dxe5 dxe5 10.b3 Bg4 11.Ba3 Bxf3 12.Bxf3 c5 13.Nb5 Qc8 14.Qd2 Rd8 15.Qc3 Nb4
16.Bxb4 cxb4 17.Qxb4 Bf8 18.Qa5 b6 19.Qa4 Nd7 20.c5 Nxc5 21.Qc4 a6 22.Na3 Nd3
23.Re3 b5 24.Qxc8 Raxc8 25.Rd1 Nb4 26.Rxd8 Rxd8 27.Nb1 Bh6 28.Rc3 Nxa2 29.Rc2 Nb4
30.Rc3 Nd3 31.Bg4 b4 32.Rc8 Rxc8 33.Bxc8 Nc5  0-1

[Event "Tatry Open 2012"]
[Site "Tatranske Zruby SVK"]
[Date "2012.09.30"]
[Round "9.43"]
[White "Siebenburger,V"]
[Black "Goga,F"]
[Result "1-0"]
[WhiteElo "2113"]
[BlackElo "1944"]

1.d4 Nf6 2.c4 g6 3.Nc3 Bg7 4.e4 d6 5.Be2 O-O 6.Nf3 e5 7.dxe5 dxe5 8.Qxd8 Rxd8
9.Bg5 Re8 10.Nd5 Nxd5 11.cxd5 c6 12.Bc4 h6 13.Be3 a5 14.a4 Bd7 15.O-O Na6
16.Rfd1 Nb4 17.Rd2 cxd5 18.exd5 Rac8 19.b3 Bf8 20.Bb6 Ra8 21.Bc7 e4 22.Nd4 Bc5
23.Rf1 Nd3 24.Bxd3 Bxd4 25.Bb5 Bxb5 26.axb5 Bf6 27.d6 Bd8 28.b6 a4 29.bxa4 Rxa4
30.d7 Rf8 31.Bd6 e3 32.fxe3 Bxb6 33.Bxf8 Bxe3+ 34.Kh1  1-0

[Event "TCh-Belgrade Premier 2012"]
[Site "Belgrade SRB"]
[Date "2012.10.01"]
[Round "1.4"]
[White "Radosevic,N"]
[Black "Dakic,D"]
[Result "1/2-1/2"]
[WhiteElo "2196"]
[BlackElo "2037"]

1.d4 Nf6 2.Nf3 g6 3.c4 Bg7 4.Nc3 O-O 5.e4 d6 6.Be2 Nbd7 7.O-O e5 8.d5 Nc5
9.Qc2 a5 10.Ne1 Qe7 11.f3 Nh5 12.Nd3 Nxd3 13.Bxd3 Nf4 14.Be3 b6 15.g3 Nxd3
16.Qxd3 Bh3 17.Rfc1 f5 18.Kh1 fxe4 19.fxe4 Rf3 20.Qd2 Raf8 21.Ne2 Qd7 22.Ng1 Rf1  1/2-1/2

[Event "US Chess League 2012"]
[Site "ICC INT"]
[Date "2012.10.01"]
[Round "5"]
[White "Defibaugh,J"]
[Black "Wang,Andrew C"]
[Result "1-0"]
[WhiteElo "2270"]
[BlackElo "2167"]

1.d4 Nf6 2.c4 g6 3.Nc3 Bg7 4.e4 d6 5.Nf3 O-O 6.Be2 e5 7.Be3 Ng4 8.Bg5 f6
9.Bh4 g5 10.Bg3 Nh6 11.h3 Nd7 12.Qd2 f5 13.exf5 Nxf5 14.dxe5 Nxg3 15.fxg3 Nxe5
16.O-O h6 17.Nd4 c6 18.Rxf8+ Qxf8 19.Rf1 Qe7 20.Nd1 Bd7 21.Ne3 Rf8 22.Ndf5 Bxf5
23.Nxf5 Qd7 24.Bg4 Nxg4 25.hxg4 Rf6 26.Qe3 a6 27.Re1 Kf7 28.Qe7+ Qxe7 29.Rxe7+ Kf8
30.Rxb7  1-0

[Event "34th Rashid Nezhmetdinov Cup"]
[Site "Kazan RUS"]
[Date "2012.10.01"]
[Round "6.3"]
[White "Volkov,Sergey1"]
[Black "Onischuk,V"]
[Result "1-0"]
[WhiteElo "2575"]
[BlackElo "2547"]

1.d4 d6 2.c4 g6 3.Nc3 Bg7 4.e4 Nf6 5.Be2 O-O 6.Nf3 Nbd7 7.O-O e5 8.Re1 c6
9.Bf1 b6 10.Rb1 Bb7 11.b4 exd4 12.Nxd4 Re8 13.Bg5 h6 14.Bh4 Qc7 15.f3 a6
16.Rc1 c5 17.Nd5 Bxd5 18.cxd5 b5 19.bxc5 Nxc5 20.Nc6 Nfd7 21.Qd2 Kh7 22.Bg3 Rac8
23.Kh1 h5 24.Bf4 Bf8 25.Red1 Ne5 26.Nxe5 dxe5 27.Be3 Red8 28.Rc2 Qb7 29.g3 Na4
30.Rxc8 Rxc8 31.Bh3 Rc3 32.d6 Bxd6 33.Qxd6 Rxe3 34.Qf6 Qc7 35.Bd7 Qc4 36.Be8 Rd3
37.Rxd3 Qxd3 38.Qxf7+ Kh8 39.Qf6+  1-0

[Event "TCh-Central SRB 2012"]
[Site "Vrnjacka Banja SRB"]
[Date "2012.10.01"]
[Round "4.6"]
[White "Nestorovic,De"]
[Black "Mista,A"]
[Result "0-1"]
[WhiteElo "2438"]
[BlackElo "2543"]

1.d4 Nf6 2.c4 g6 3.Nc3 Bg7 4.e4 d6 5.Nf3 O-O 6.Be2 Na6 7.O-O e5 8.Re1 c6
9.Bf1 Bg4 10.d5 c5 11.Bg5 Kh8 12.Be2 Bd7 13.Nd2 Rg8 14.Bg4 Be8 15.Bh3 h6
16.Be3 Nh7 17.Nf3 h5 18.Qd2 Bf6 19.Rf1 Be7 20.Kh1 Nb8 21.g3 Nd7 22.Ng1 h4
23.f4 hxg3 24.hxg3 exf4 25.gxf4 g5 26.Bf5 Ndf8 27.Rf3 Bd7 28.fxg5 Bxg5 29.Bxd7 Nxd7
30.Rh3 Bxe3 31.Qxe3 Qf6 32.Qh6 Qxh6 33.Rxh6 Ne5 34.Rf1 Rg7 35.b3 Rag8 36.Nf3 Nxf3
37.Rxf3 Rg1+ 38.Kh2 R8g2+ 39.Kh3 Kg7 40.Rxh7+ Kxh7 41.Rxf7+ Kg8 42.Rf3 Rg7
43.Kh2 R1g2+ 44.Kh3 R2g6 45.Kh2 Rh7+ 46.Rh3 Rxh3+ 47.Kxh3 Kf7 48.e5 dxe5
49.Ne4 b6 50.Ng3 Kf6 51.Kg2 e4 52.Kf2 Ke5 53.Ne2 Rf6+ 54.Ke3 Rf3+ 55.Kd2 b5
56.cxb5 Rd3+ 57.Kc2 Rxd5 58.a4 e3 59.Kc3 Rd2 60.Nc1 Ke4 61.a5 Rd1 62.Kc2 Rxc1+  0-1

[Event "72nd ch-UKR w 2012"]
[Site "Kharkiv UKR"]
[Date "2012.10.02"]
[Round "8.4"]
[White "Lahno,Kateri"]
[Black "Dolzhikova,K"]
[Result "1-0"]
[WhiteElo "2542"]
[BlackElo "2313"]

1.d4 Nf6 2.c4 g6 3.Nc3 Bg7 4.e4 d6 5.Nf3 O-O 6.Be2 e5 7.O-O exd4 8.Nxd4 Re8
9.f3 c6 10.Bg5 Nbd7 11.Qd2 Qb6 12.Be3 Qc7 13.Rad1 b6 14.b4 Bb7 15.b5 c5 16.Nc2 Re6
17.Bf4 Ne8 18.Nd5 Bxd5 19.Qxd5 Rd8 20.Qd2 Nf8 21.Kh1 Re7 22.Ne3 Qc8 23.Nd5 Red7
24.Bg5 f6 25.Bh4 Rf7 26.f4 Nc7 27.e5 dxe5 28.fxe5 fxe5 29.Rxf7 Kxf7 30.Bxd8 Qxd8
31.Nxc7 Qxc7 32.Qd5+ Ke7 33.Bg4 h5 34.Bh3 Ke8 35.Qc6+  1-0

[Event "US Chess League 2012"]
[Site "ICC INT"]
[Date "2012.10.04"]
[Round "5"]
[White "Schroer,J"]
[Black "Becerra Rivero,J"]
[Result "0-1"]
[WhiteElo "2353"]
[BlackElo "2555"]

1.Nf3 Nf6 2.c4 g6 3.Nc3 Bg7 4.e4 d6 5.d4 O-O 6.Be2 e5 7.dxe5 dxe5 8.Qxd8 Rxd8
9.Bg5 Rf8 10.O-O Nbd7 11.b4 c6 12.h3 Re8 13.Be3 Bf8 14.Rab1 a5 15.a3 axb4
16.axb4 Ra3 17.Rfc1 b6 18.Nd2 Bb7 19.g4 h6 20.h4 h5 21.g5 Ng4 22.Bxg4 hxg4
23.Nf1 Rd8 24.Nh2 f5 25.gxf6 Nxf6 26.Bg5 Be7 27.Ne2 Kf7 28.Bxf6 Bxf6 29.Nxg4 Bg7
30.Rd1 Rxd1+ 31.Rxd1 Bc8 32.Ne3 Bh6 33.Rd6 Bxe3 34.fxe3 Rxe3 35.Kf2 Rxe4
36.Rxc6 Be6 37.Rxb6 Rxc4 38.Ng1 Rc2+ 39.Ke3 Bg4 40.Ra6 Rg2 41.Ra1 Ke6 42.b5 Rb2
43.Ra6+ Kf5 44.b6 Rb3+ 45.Kf2 e4 46.Ra5+ Kf4 47.Ne2+ Bxe2 48.Kxe2 Rb2+ 49.Ke1 Kf3
50.Re5 e3 51.Kd1 e2+ 52.Kc1 Rxb6 53.Re8 Rd6 54.Kc2 Rd1  0-1

[Event "3rd Copa Latino-Americana"]
[Site "Cali COL"]
[Date "2012.10.05"]
[Round "2.2"]
[White "Fernandez,Li"]
[Black "Zapata,Alo"]
[Result "0-1"]
[WhiteElo "2353"]
[BlackElo "2467"]

1.d4 Nf6 2.Nf3 g6 3.c4 Bg7 4.Nc3 d6 5.e4 O-O 6.Be2 Nbd7 7.O-O e5 8.d5 a5
9.Be3 Ng4 10.Bg5 f6 11.Bc1 Nc5 12.Nd2 Nh6 13.Nb3 f5 14.Nxc5 dxc5 15.f4 exf4
16.Bxf4 g5 17.Be3 b6 18.d6 c6 19.g3 f4 20.Bf2 Bh3 21.gxf4 Rxf4 22.Bg3 Bxf1
23.Bxf1 Bd4+ 24.Kh1 Qxd6 25.Qh5 Qg6 26.Qxg6+ hxg6 27.Bxf4 gxf4 28.Bh3 Nf7
29.Ne2 f3 30.Nxd4 cxd4 31.Be6 Rd8 32.c5 bxc5 33.Kg1 Re8 34.Bd7 Rxe4 35.Bxc6 Rg4+
36.Kf1 Ne5 37.Bd5+ Kg7 38.b3 Rh4 39.Rc1 Rxh2  0-1

[Event "TATA 50th ch-IND National Premier"]
[Site "Kolkata IND"]
[Date "2012.10.05"]
[Round "5.9"]
[White "Debashis,D"]
[Black "G.,A"]
[Result "1/2-1/2"]
[WhiteElo "2454"]
[BlackElo "2343"]

1.d4 Nf6 2.c4 g6 3.Nc3 Bg7 4.e4 O-O 5.Nf3 d6 6.Be2 e5 7.d5 a5 8.h3 Na6 9.Bg5 Nc5
10.Nd2 c6 11.O-O a4 12.b4 axb3 13.axb3 Rxa1 14.Qxa1 Na6 15.Qa3 c5 16.Na2 Bd7
17.Be3 Qa8 18.Ra1 Nc7 19.Qb2 b6 20.b4 Qb8 21.Nc3 Rc8 22.Bd1 Bf8 23.Ba4 Bxa4
24.Rxa4 Nd7 25.bxc5 bxc5 26.Qxb8 Nxb8 27.Ra7 Nba6 28.Nb5 Ra8 29.Rxc7 Nxc7
30.Nxc7 Ra1+ 31.Kh2 Be7 32.Nb5 Kf8 33.g3 Ke8 34.Kg2 Kd7 35.Kf3 Bd8 36.h4 Re1
37.Nb3 Rb1 38.Nd2 Re1 39.Bh6 f6 40.Bf8 Be7 41.Bg7 Bd8 42.Bh6 Ba5 43.Nb3 Bb4
44.Be3 Rb1 45.Nc1 Rb2 46.Bh6 Rc2 47.Nd3 Ke7 48.Na7 Kd7 49.Bf8 Ba5 50.Nc6 Bc7
51.Bg7 f5 52.exf5 gxf5 53.Ke3 Rxc4 54.Bxe5 Re4+ 55.Kd2 Rxe5 56.Ncxe5+ dxe5
57.Kc3 e4 58.Nxc5+ Kd6 59.Kc4 Bb6 60.Nb7+ Kc7 61.Nc5 Kd6  1/2-1/2

[Event "TCh-Central SRB 2012"]
[Site "Vrnjacka Banja SRB"]
[Date "2012.10.05"]
[Round "9.4"]
[White "Simonovic,A"]
[Black "Todorovic,J"]
[Result "1/2-1/2"]
[WhiteElo "2379"]
[BlackElo "2427"]

1.c4 Nf6 2.Nc3 g6 3.Nf3 Bg7 4.d4 O-O 5.e4 d6 6.Be2 e5 7.dxe5 dxe5 8.Qxd8 Rxd8
9.Bg5 Re8 10.Nd5 Nxd5 11.cxd5 c6 12.Bc4 cxd5 13.Bxd5 Nd7 14.Nd2 Nc5 15.O-O-O Ne6
16.Be3 Nf4 17.Bxf4 exf4 18.f3 Be6 19.Nb3  1/2-1/2

[Event "TCh-AUT 2 East 2012-13"]
[Site "Austria AUT"]
[Date "2012.10.06"]
[Round "1.2"]
[White "Sadilek,P"]
[Black "Ganaus,H"]
[Result "1-0"]
[WhiteElo "2248"]
[BlackElo "2331"]

1.d4 Nf6 2.c4 g6 3.Nc3 Bg7 4.e4 d6 5.Nf3 O-O 6.Be2 e5 7.O-O exd4 8.Nxd4 Re8
9.f3 c6 10.Be3 d5 11.cxd5 Nxd5 12.Nxd5 cxd5 13.Rc1 a5 14.a4 Nc6 15.Nxc6 bxc6
16.Rxc6 Bb7 17.Rb6 Rb8 18.Qb3 Bc6 19.Rxb8 Qxb8 20.Bb5 Bxb5 21.axb5 dxe4 22.fxe4 Qb7
23.Qc4 Bxb2 24.b6 Re6 25.Qc7 Re7 26.Qd8+ Kg7 27.Bc5 Bf6 28.Rxf6  1-0

[Event "FSFMA1 October 2012"]
[Site "Budapest HUN"]
[Date "2012.10.06"]
[Round "1.5"]
[White "Maqseed,Nasser"]
[Black "Juracsik,J"]
[Result "0-1"]
[WhiteElo "2065"]
[BlackElo "2164"]

1.d4 Nf6 2.c4 g6 3.Nc3 Bg7 4.e4 d6 5.Nf3 O-O 6.Be2 e5 7.O-O exd4 8.Nxd4 Re8
9.Bf3 Nbd7 10.Bg5 h6 11.Bxf6 Nxf6 12.Re1 c6 13.Qc2 Bd7 14.Rad1 Qc7 15.b4 Re5
16.Qb3 Rae8 17.Rf1 h5 18.b5 Rg5 19.g3 Bg4 20.Bxg4 hxg4 21.bxc6 bxc6 22.Qa4 Rc5
23.Nb3 Rh5 24.Nd4 Nd7 25.Nce2 Bxd4 26.Nxd4 Ne5 27.f4 gxf3 28.Nxf3 Qb6+ 29.Kh1 Nxf3
30.Rxf3 Qb2 31.h4 Rxe4 32.Qb3 Qe2 33.Qd3 Rexh4+ 34.gxh4 Rxh4+ 35.Rh3 Rxh3+
36.Qxh3 Qxd1+ 37.Kg2 Qe2+ 38.Kg1 Qxc4 39.Qc8+ Kg7 40.Qc7 Qc5+ 41.Kh1 a5 42.Qb7 Qb5
43.Qe7 Qb1+ 44.Kg2 Qxa2+ 45.Kh1 Qd5+ 46.Kg1 a4  0-1

[Event "TCh-CHN 2012"]
[Site "Hangzhou CHN"]
[Date "2012.10.06"]
[Round "15"]
[White "Liu,Chang"]
[Black "Zhao Jun"]
[Result "1/2-1/2"]
[WhiteElo "2262"]
[BlackElo "2583"]

1.d4 Nf6 2.c4 g6 3.Nc3 Bg7 4.e4 d6 5.Nf3 O-O 6.Be2 e5 7.d5 a5 8.O-O Na6 9.Ne1 Nc5
10.Bg5 h6 11.Bxf6 Bxf6 12.Bg4 Nd7 13.Nd3 Bg7 14.Bxd7 Bxd7 15.c5 Qe7 16.cxd6 Qxd6
17.Qb3 a4 18.Qc4 Rfc8 19.Nc5 b5 20.Nxb5 Bxb5 21.Qxb5 c6 22.Nb7 Qd7 23.dxc6 Qxc6
24.Qxc6 Rxc6 25.Rfc1 Rb6 26.Nc5 Rxb2 27.Kf1 a3 28.Nd3 Rd8 29.Rc3 Rd2 30.Ne1 Bf8
31.Nc2 h5 32.Ke1 Bh6 33.Ne3 Rb2 34.Rxa3 Rdd2 35.Nd1 Rbc2 36.Kf1 Bf8 37.Rf3 Bc5
38.a3 Bd4 39.Rb1 Ra2 40.Rc1 h4 41.g3 h3 42.g4 Re2 43.Rc8+ Kg7 44.Rc7 Rxe4
45.Rcxf7+ Kh6 46.Rxh3+ Kg5 47.Rd3 Rxg4 48.h3 Rf4 49.Rg3+ Kh6 50.Rxf4 exf4
51.Rf3 g5 52.Kg2 Bc5 53.Nc3 Rxa3 54.Ne4 Rxf3  1/2-1/2

[Event "TCh-ROU League A 2012"]
[Site "Olanesti ROU"]
[Date "2012.10.06"]
[Round "1.1"]
[White "Shishkin,Va UKR"]
[Black "Aldea,L"]
[Result "1-0"]
[WhiteElo "2496"]
[BlackElo "2340"]

1.d4 Nf6 2.c4 g6 3.Nc3 Bg7 4.e4 d6 5.Be2 O-O 6.Nf3 e5 7.Be3 Nc6 8.d5 Ne7
9.Nd2 Nd7 10.b4 f5 11.f3 Nf6 12.c5 f4 13.Bf2 g5 14.Nc4 Ne8 15.g4 fxg3 16.hxg3 Ng6
17.Be3 Bd7 18.Qd2 h6 19.O-O-O Qf6 20.c6 bxc6 21.dxc6 Be6 22.Rh2 Ne7 23.Na5 a6
24.Rf2 Qf7 25.f4 exf4 26.gxf4 Qf6 27.e5 Qg6 28.Bd3 Bf5 29.Bc4+ Be6 30.fxg5 Rxf2
31.Qxf2 hxg5 32.Bxe6+ Qxe6 33.Bxg5 Qxe5 34.Bd2 d5 35.Re1 Qd6 36.Qc5 Qxc5
37.bxc5 Kf7 38.Kc2 Rd8 39.Bf4 Bf6 40.Kd3 Rb8 41.Rb1 Rxb1 42.Nxb1 Ke6 43.Na3 d4
44.Ke4 Nd5 45.Bd2 Be5 46.Nc2 Ndf6+ 47.Kd3 Kd5 48.Nb3 Kxc6 49.Kc4 Ne4 50.Be1 N8d6+
51.cxd6 Nxd6+ 52.Kd3 Kb5 53.Nbxd4+ Ka4 54.Bb4 a5 55.Bxd6 Bxd6 56.Kc4 Be5
57.Nb5 c6 58.Na7  1-0

[Event "TCh-ISL 2012-13"]
[Site "Reykjavik ISL"]
[Date "2012.10.06"]
[Round "3.2"]
[White "Gajewski,G"]
[Black "Gretarsson,A"]
[Result "1-0"]
[WhiteElo "2635"]
[BlackElo "2319"]

1.d4 Nf6 2.c4 g6 3.Nc3 Bg7 4.e4 d6 5.Nf3 O-O 6.Be2 e5 7.O-O Nbd7 8.Re1 Re8
9.Bf1 c6 10.d5 Qc7 11.Rb1 a6 12.Be3 cxd5 13.cxd5 b5 14.Nd2 Nb6 15.a4 bxa4
16.Nxa4 Nxa4 17.Qxa4 Bd7 18.Qc4 Qb8 19.f3 Bf8 20.Qa2 Be7 21.Nc4 Bd8 22.b3 Bb5
23.Qf2 Nd7 24.Rec1 Bc7 25.Rc3 Bxc4 26.Rxc4 Qb7 27.Rbc1 Bb8 28.b4 Rd8 29.R1c2 Ba7
30.Bxa7 Rxa7 31.Rc6 Nb8 32.Rb6 Qe7 33.g3 Rc7 34.Ra2 Rc1 35.Kg2 f5 36.exf5 gxf5
37.Qd2 Rdc8 38.Rxb8  1-0

[Event "TCh-ISL 2012-13"]
[Site "Reykjavik ISL"]
[Date "2012.10.06"]
[Round "3.2"]
[White "Salama,O"]
[Black "Dziuba,M"]
[Result "0-1"]
[WhiteElo "2285"]
[BlackElo "2598"]

1.d4 Nf6 2.c4 g6 3.Nc3 Bg7 4.e4 d6 5.Be2 O-O 6.Nf3 e5 7.O-O Nbd7 8.d5 Nc5
9.Bg5 h6 10.Bxf6 Bxf6 11.b4 Nd7 12.Rc1 Bg7 13.Ne1 f5 14.Nd3 Nf6 15.Bf3 f4
16.c5 g5 17.h3 a6 18.b5 Rf7 19.b6 cxb6 20.cxd6 Qxd6 21.Na4 Bf8 22.Nxe5 Qxe5
23.Nxb6 Rb8 24.Nc4 Qe8 25.e5 b5 26.Qb3 Nd7 27.e6 bxc4 28.exf7+ Qxf7 29.Qxc4 Ne5
30.Qe2 Nxf3+ 31.Qxf3 Bb7 32.Rfd1 Rd8 33.Qb3 Rxd5 34.Re1 Rd7 35.Qb6 Bg7 36.Red1 f3
37.g3 Re7 38.Re1 Re2 39.Red1 Re7 40.Rd8+ Kh7 41.Rd6 Qxa2 42.Qd8 Qf7 43.Rcd1 Qe8
44.Qa5 Re5 45.Qb4 Qb5 46.Qg4 Re4 47.Qh5 Qe8 48.Qxe8 Rxe8 49.Rb6 Re7 50.Rdb1 Be4
51.Re1 Bc3 52.Rc1 Bd4 53.Rxa6 Bf5 54.g4 Bg6 55.Rd1 Bg7 56.Ra3 Bc2 57.Rf1 Rf7
58.Re1 Bf8 59.Ra8 Bd3 60.Rea1 Bc5 61.Rc1 Bb6 62.Rb8 Bc7 63.Rc8 Bf4 64.Rd1 Be2
65.Rdd8 Rb7 66.Rh8+ Kg7 67.Rcg8+ Kf6 68.Rxh6+ Ke5 69.Re8+ Kd4 70.Rd8+ Kc5
71.Rc8+ Bc7 72.Rxc7+ Rxc7 73.Rg6 Kd4 74.Rxg5 Rc1+ 75.Kh2 Rf1 76.Kg3 Ke4 77.Rg8 Rg1+
78.Kh4 Rg2 79.Re8+ Kf4 80.Rf8+ Ke5 81.Kg5 Rxf2 82.Re8+ Kd6 83.Kf4 Rh2 84.Ke3 Rxh3
85.g5 Rg3 86.Ra8 Rxg5  0-1

[Event "TCh-Central SRB 2012"]
[Site "Vrnjacka Banja SRB"]
[Date "2012.10.06"]
[Round "10.3"]
[White "Jesic,D"]
[Black "Mista,A"]
[Result "0-1"]
[WhiteElo "2361"]
[BlackElo "2543"]

1.d4 g6 2.c4 Bg7 3.Nc3 d6 4.e4 Nf6 5.Nf3 O-O 6.Be2 Nbd7 7.O-O e5 8.Re1 a6
9.Rb1 c6 10.b4 exd4 11.Nxd4 Re8 12.Bf1 d5 13.exd5 Rxe1 14.Qxe1 cxd5 15.Bf4 dxc4
16.Rd1 Qf8 17.Bxc4 Nb6 18.Bb3 Qxb4 19.a3 Qf8 20.Bc7 Nbd7 21.Nf3 h6 22.Ne4 Nxe4
23.Qxe4 Nc5 24.Qe3 Ne6 25.Bd6 Qe8 26.Ne5 Bd7 27.Nxd7 Qxd7 28.Bf4 Nd4 29.Be5 Bxe5
30.Qxe5 Re8 31.Bxf7+ Kxf7 32.Qf4+ Kg8 33.Kh1 Nc6 34.Qc1 Qe6 35.h3 Kh7 36.Qc5 Re7
37.f4 Rd7 38.Rf1 Qe2 39.Rf3 Nd4  0-1